000 01173nam a2200265 a 4500
003 DO-SdBNP
005 20211013114443.0
007 ta
008 211013e2004 dr ao||gry||| 001 0 spa d
040 _aDO-SdBNP
_bspa
_cBNPHU
082 _bR426m
110 _954493
_aRepública Dominicana.
_bInstituto Nacional de la Vivienda (INVI)
245 1 0 _aMemorias gestión 2000-2003 /
_cColaboración, Carlos Espinal, Ángel Sosa Fría; Diseño, diagramación y concepción editorial, Mría Eugenia Sús y Xiomara de Reynoso; Gráficas, Rubén Estevez, Enmanuel López y Francis Áreas
260 _aSanto Domingo :
_bLa Unión,
_c2004
300 _a199 p. :
_bil., fot. ;
_c29 cm
590 _aInventariado 2021 / MF
700 1 _aEspinal, Carlos.
_980189
700 1 _aSosa Fría, Ángel
_980190
700 1 _aSús, Mría Eugenia,
_ediseño, diagramación y concepción editorial
_980191
700 1 _aReynoso, Xiomara de,
_e diseño, diagramación y concepción editorial
_980192
700 1 _aEstevez, Rubén,
_egráficas
_980193
700 1 _aLópez, Enmanuel,
_egráficas
_980194
700 1 _aÁreas, Francis
_egráficas
_980195
942 _2ddc
_cLBS1
999 _c50741
_d50741